| 000 | 00583 a2200181 4500 | ||
|---|---|---|---|
| 999 |
_c182948 _d182948 |
||
| 005 | 20211210160848.0 | ||
| 010 | _aENG-130285 | ||
| 020 |
_c750.00 _a978-93-89136-75-3 |
||
| 035 | _aEN-113817 | ||
| 037 | _bDBAD / PUB | ||
| 082 | _a641.5636 | ||
| 100 | _aSharma, Veena | ||
| 245 |
_aVegetarain Cuisine from the Himalayan Foothills: _cVeena Sharma |
||
| 260 |
_bNiyogi Books _c2021 _aNew Delhi |
||
| 270 |
_mniyogibooks@gmail.com _aD-78, Okhla Industrial Area, Phase-I _bNew Delhi _e110020 |
||
| 300 |
_a152p. _c21cm (pbk) |
||
| 942 |
_adpl _cEN _2ddc _h641.5636 _mSHA |
||